| 000 | 02409cam a2200697 a 4500 | ||
|---|---|---|---|
| 999 |
_c23224 _d23224 |
||
| 001 | vtls011619735 | ||
| 005 | 20220427114108.0 | ||
| 008 | 201207s2016 xo oa g bn 001 0dslo | ||
| 020 |
_a9788097248581 _q(viaz.) |
||
| 035 | _a72E872CD-05CE-4522-B783-C3DEC39417EB | ||
| 035 | _aurn:nbn:sk:snk-am3ib66 | ||
| 035 | _aurn:nbn:sk:snk-am00e0mw | ||
| 040 |
_aSVKBB _bslo _cSVKBB _dSNK _eAACR2 |
||
| 041 | 0 |
_aslo _beng |
|
| 044 |
_axo _cSK |
||
| 072 | 7 |
_a792 _xDivadlo. Divadelné predstavenia _2konspekt |
|
| 072 | 7 |
_a929 _xBiografie _2konspekt |
|
| 072 | 7 |
_a01 _xBibliografia. Katalógy _2konspekt |
|
| 080 |
_a821.162.4-051 _22011 |
||
| 080 |
_a7.07-026.12 _22011 |
||
| 080 |
_a(092) _22011 |
||
| 080 |
_a(01) _22011 |
||
| 080 |
_a(048.8) _22011 |
||
| 080 |
_a792 _22011 |
||
| 080 |
_a792.027 _22011 |
||
| 080 |
_a808.1 _22011 |
||
| 080 |
_a(437.6) _22011 |
||
| 245 | 0 | 0 |
_aČítanie v mysli bábkara a básnika (Jozefa Mokoša) _cDagmar Inštitorisová ... [et al.] |
| 250 | _a1. vyd. | ||
| 260 |
_aBratislava _bSlovenské centrum UNIMA _bVysoká škola muzických umení _c2016 |
||
| 300 |
_a423 s. _bfotogr., ilustr. _c25 cm _e1 DVD |
||
| 500 | _aBiografické údaje | ||
| 546 | _aAnglické resumé | ||
| 600 | 1 | 7 |
_aMokoš, Jozef, _d1941- _2SNKMA _93007 |
| 650 | 0 | 7 |
_aliterárna tvorba _2SNKPH _93008 |
| 650 | 0 | 7 |
_aLiterary creation _2SNKPHeng _93009 |
| 650 | 0 | 7 |
_aumelecká činnosť _2SNKPH _93010 |
| 650 | 0 | 7 |
_aArtistic activity _2SNKPHeng _93011 |
| 650 | 0 | 7 |
_adivadelná dramaturgia _2SNKPH _93012 |
| 650 | 0 | 7 |
_aDramaturgy _2SNKPHeng _93013 |
| 650 | 0 | 7 |
_aslovenskí spisovatelia _2SNKPH _92256 |
| 650 | 0 | 7 |
_aSlovak authors _2SNKPHeng _92258 |
| 650 | 0 | 7 |
_adramaturgovia _2SNKPH _93014 |
| 650 | 0 | 7 |
_aDramaturges _2SNKPHeng _93015 |
| 651 | 7 |
_aSlovensko _2SNKPH _91613 |
|
| 651 | 7 |
_aSlovakia _2SNKPHeng _91614 |
|
| 655 | 7 |
_abiografie _2SNKPH _91756 |
|
| 655 | 7 |
_aBiography _2SNKPHeng _91759 |
|
| 655 | 7 |
_abibliografie _2SNKPH _93016 |
|
| 655 | 7 |
_aBibliographies _2SNKPHeng _93017 |
|
| 655 | 7 |
_amonografie _2SNKPH _91661 |
|
| 655 | 7 |
_aMonographs _2SNKPHeng _91662 |
|
| 700 | 1 |
_aInštitorisová, Dagmar, _d1961- _4aut _93018 |
|
| 700 | 1 |
_aBokníková, Andrea, _d1969- _4aut _93019 |
|
| 700 | 1 |
_aHledíková, Ida _4aut _93020 |
|
| 700 | 1 |
_aKrajč Zamišková, Barbora _4aut _93021 |
|
| 700 | 1 |
_aMikšík, Matúš _4aut _93022 |
|
| 700 | 1 |
_aTilajčík, Peter _4aut _93023 |
|
| 958 | _aNB | ||
| 958 | _aBX | ||